| 000 | 00819nam a2200265Ia 4500 | ||
|---|---|---|---|
| 003 | OSt | ||
| 005 | 20220926012255.0 | ||
| 006 | a|||||r|||| 00| 0 | ||
| 007 | ta | ||
| 008 | 220923b |||||||| |||| 00| 0 eng d | ||
| 020 | _a0521441536 | ||
| 037 | _cGeneral Book | ||
| 040 |
_aRTL _cRTL _beng |
||
| 041 |
_2eng _aeng |
||
| 082 | _aY31:7:7.2.N9, N5 | ||
| 100 |
_aVarshney Ashutosh _9145374 |
||
| 245 | 0 |
_aDemocracy, development and the countryside _bUrban-rural struggles in India |
|
| 260 |
_aNew York _bCambridge University Press _c1995 |
||
| 300 |
_ax, 214p _ccm. |
||
| 490 | _aCambridge Studies in Comparative Politics | ||
| 500 | _aAppendix: P 203-06 | ||
| 650 | _aCommunity Development | ||
| 942 |
_hY31:7:7.2.N9, N5 _cGB _2CC |
||
| 999 |
_c622300 _d622300 |
||